[Event "Ubeda op 6th"]
[Site "Ubeda"]
[Date "2001.01.27"]
[Round "7"]
[White "Ibragimov, Ildar"]
[Black "Vokarev, Sergey"]
[Result "1-0"]
[WhiteElo "2571"]
[BlackElo "2492"]
[PlyCount "73"]
[EventDate "2001.01.21"]
[Source "ChessBase"]
[SourceDate "2001.03.08"]

1. c4 Nf6 2. Nc3 g6 3. e4 c5 4. Nf3 Nc6 5. d4 cxd4 6. Nxd4 d6 7. Nc2 Bg7 8. Be2 Nd7 9. O-O O-O 10. Bd2 Nc5 11. b4 Ne6 12. Rc1 a5 13. b5 Ne5 14. Nd5 Nc5 15. Bg5 f6 16. Be3 Nxe4 17. Bb6 Qd7 18. f4 Nf7 19. Bd3 f5 20. Bxe4 fxe4 21. Bd4 Qd8 22. Bxg7 Kxg7 23. Nce3 Kg8 24. Qd4 Nh6 25. Qxe4 e6 26. Nc3 Qf6 27. Qd3 Nf7 28. Ne4 Qe7 29. Rcd1 Rd8 30. Ng4 Kf8 31. Ngf6 h5 32. Qg3 Nh8 33. Qc3 Qg7 34. Nxd6 b6 35. Nf5 Qc7 36. Rxd8+ Qxd8 37. Nh7+ 1-0

[Event "Argentina"]
[Site "?"]
[Date "1995.??.??"]
[Round "?"]
[White "Milos, Gilberto"]
[Black "Spangenberg, H."]
[Result "1-0"]
[WhiteElo "2560"]
[BlackElo "2500"]
[PlyCount "69"]
[EventDate "1995.??.??"]
[Source "ChessBase"]
[SourceDate "1995.06.01"]

1. e4 c5 2. Nf3 Nc6 3. d4 cxd4 4. Nxd4 g6 5. c4 Nf6 6. Nc3 d6 7. Nc2 Bg7 8. Be2 O-O 9. O-O Nd7 10. Bd2 Nc5 11. b4 Bxc3 12. Bxc3 Nxe4 13. Bb2 e5 14. Qe1 Qg5 15. Rd1 Be6 16. Kh1 Qh4 17. Bf3 f5 18. b5 Nd8 19. g3 Qf6 20. Ne3 Nf7 21. Bg2 Rac8 22. f3 Nc5 23. f4 Rfe8 24. g4 fxg4 25. fxe5 Qg7 26. Nd5 Nd7 27. Ne7+ Rxe7 28. exd6 Qxb2 29. dxe7 Qe5 30. Rd2 Qxe1 31. Rxe1 Nc5 32. Bd5 Re8 33. Bxe6 Rxe7 34. Rde2 h5 35. Bd5 1-0

[Event "otb"]
[Site "otb"]
[Date "2007.03.09"]
[Round "9"]
[White "Gustafsson Jan"]
[Black "Kalod Radek"]
[Result "1/2-1/2"]
[WhiteElo "2584"]
[BlackElo "2475"]
[PlyCount "81"]
[Source "www.chesslib.no"]
[SourceDate "2004.05.04"]

1. Nf3 Nf6 2. c4 g6 3. Nc3 Bg7 4. e4 c5 5. d4 cxd4 6. Nxd4 O-O 7. Be2 Nc6 8. Nc2 d6 9. O-O Nd7 10. Bd2 Nc5 11. b4 Ne6 12. Rc1 a5 13. a3 axb4 14. axb4 Ned4 15. Nxd4 Nxd4 16. Be3 Nxe2+ 17. Qxe2 Be6 18. Nd5 Bxd5 19. exd5 Ra4 20. Rb1 Qd7 21. Rfc1 Rfa8 22. Qd1 e6 23. h3 Be5 24. Qg4 Ra1 25. dxe6 Qxe6 26. Rxa1 Rxa1 27. Rxa1 Bxa1 28. Qd1 Be5 29. Qd3 h5 30. Kf1 Bf6 31. b5 Kg7 32. Bf4 Be5 33. Bd2 Qf6 34. Be3 Qe6 35. Ke2 Bf6 36. Kf3 Kf8 37. Qe4 Be5 38. g4 hxg4+ 39. hxg4 f5 40. gxf5 gxf5 41. Qd5 1/2-1/2

[Event "Festival - Open A"]
[Site "Porto San Giorgio ITA"]
[Date "2007.08.27"]
[Round "7"]
[White "Brkic, Ante"]
[Black "Krivoshey, Sergei"]
[Result "1/2-1/2"]
[WhiteElo "2558"]
[BlackElo "2500"]
[PlyCount "81"]
[EventDate "2007.08.21"]
[Source "www.chesslib.no"]
[SourceDate "2004.05.04"]

1. e4 c5 2. Nf3 Nc6 3. d4 cxd4 4. Nxd4 g6 5. c4 Nf6 6. Nc3 d6 7. Nc2 Bg7 8. Be2 O-O 9. O-O Nd7 10. Bd2 a5 11. Na3 Nc5 12. Nab5 a4 13. Rc1 Nd4 14. Nxd4 Bxd4 15. Bh6 Bg7 16. Bxg7 Kxg7 17. Qd4+ e5 18. Qe3 Bd7 19. f4 exf4 20. Qxf4 Qe7 21. Rcd1 Bc6 22. Qxd6 Qxd6 23. Rxd6 Nxe4 24. Nxe4 Bxe4 25. Bf3 Bxf3 26. Rxf3 Rac8 27. b3 Rfd8 28. Rfd3 Rxd6 29. Rxd6 axb3 30. axb3 b5 31. cxb5 Rc3 32. b6 Rxb3 33. Kf2 h5 34. Ke2 Kf8 35. Rc6 Ke7 36. Rc7+ Kd8 37. Rb7 Kc8 38. Rxf7 Rxb6 39. Kf3 Kd8 40. h3 Ke8 41. Rg7 1/2-1/2

[Event "Ch (Men) Osterburg GER"]
[Site "?"]
[Date "2006.02.06"]
[Round "4"]
[White "Gustafsson Jan"]
[Black "Heinemann Thies"]
[Result "1-0"]
[WhiteElo "2614"]
[BlackElo "2443"]
[PlyCount "127"]
[EventDate "2006.??.??"]
[Source "www.chesslib.no"]
[SourceDate "2004.05.04"]

1. d4 Nf6 2. Nf3 g6 3. c4 c5 4. Nc3 cxd4 5. Nxd4 Nc6 6. Nc2 Bg7 7. e4 d6 8. Be2 O-O 9. O-O Nd7 10. Bd2 a5 11. Na3 Nc5 12. Nab5 Nd4 13. Nxd4 Bxd4 14. Bh6 Bg7 15. Bxg7 Kxg7 16. Bg4 Bxg4 17. Qxg4 Qd7 18. Qe2 Qe6 19. Rfe1 Rfc8 20. Rad1 Nd7 21. b3 Rc5 22. Nd5 Ra6 23. f4 f6 24. a4 Rc8 25. Qb2 Kg8 26. Rd3 Nc5 27. Rde3 Qf7 28. h4 Qg7 29. Rg3 Nd7 30. h5 Kf7 31. Qf2 Nf8 32. Qf3 Rac6 33. Qe3 Ra8 34. Rf1 Qh6 35. hxg6+ hxg6 36. Rh3 Qg7 37. Rff3 Ne6 38. Rhg3 Qh6 39. Qc3 Nc5 40. Qd4 Rh8 41. Rh3 Qg7 42. Rxh8 Qxh8 43. e5 dxe5 44. fxe5 Ne6 45. Qa7 Ng5 46. Rxf6+ Rxf6 47. exf6 Qh4 48. Qe3 Ne6 49. fxe7 Qd4 50. Kf2 Qh4+ 51. Ke2 Qg4+ 52. Ke1 Qf5 53. Kd2 b6 54. g4 Qg5 55. Qxg5 Nxg5 56. Ke3 Ne6 57. Ke4 Nc5+ 58. Ke5 Nxb3 59. Kd6 Nc5 60. Nc7 Ne4+ 61. Kd7 Nc5+ 62. Kd8 Nb7+ 63. Kc8 Nd6+ 64. Kd7 1-0

[Event "ISR-chT"]
[Site "Ramat Aviv"]
[Date "2000.01.28"]
[Round "3"]
[White "Murey, Jacob"]
[Black "Huzman, Alexander"]
[Result "1/2-1/2"]
[WhiteElo "2485"]
[BlackElo "2570"]
[PlyCount "84"]
[EventDate "2000.01.14"]
[Source "ChessBase"]
[SourceDate "2000.07.27"]

1. c4 c5 2. Nc3 g6 3. Nf3 Bg7 4. d4 cxd4 5. Nxd4 Nc6 6. Nb3 d6 7. e4 Bxc3+ 8. bxc3 Nf6 9. f3 Be6 10. Be3 Rc8 11. Be2 b6 12. g4 Nd7 13. f4 f6 14. h4 Bf7 15. g5 Qc7 16. h5 Rg8 17. hxg6 hxg6 18. gxf6 Nxf6 19. Qc2 Nb8 20. Nd2 Nbd7 21. Qa4 Qc6 22. Qxc6 Rxc6 23. a4 e5 24. a5 exf4 25. Bxf4 g5 26. axb6 axb6 27. Ra8+ Ke7 28. Rxg8 Bxg8 29. Bxg5 Rc5 30. Rg1 Bh7 31. Kf2 Ke6 32. Ke3 Rc8 33. Rh1 Bg6 34. Bf1 Kf7 35. Bh3 Re8 36. Rf1 Kg7 37. Bxf6+ Nxf6 38. Bf5 Bxf5 39. Rxf5 Kg6 40. Rb5 Nd7 41. Rd5 Re6 42. Kd4 Nc5 1/2-1/2

[Event "EU-chT (Men)"]
[Site "Plovdiv"]
[Date "1983.??.??"]
[Round "1"]
[White "Inkiov, Ventzislav"]
[Black "Vaganian, Rafael A"]
[Result "0-1"]
[WhiteElo "2500"]
[BlackElo "2550"]
[PlyCount "62"]
[EventDate "1983.06.??"]
[Source "ChessBase"]

1. Nf3 Nf6 2. c4 c5 3. e3 g6 4. Nc3 Bg7 5. d4 O-O 6. Be2 cxd4 7. Nxd4 Nc6 8. Nc2 d6 9. e4 Nd7 10. O-O Nc5 11. f3 f5 12. exf5 Bxf5 13. Nd5 Bxc2 14. Qxc2 e6 15. Nc3 Nd4 16. Qd1 Nf5 17. Qe1 d5 18. Kh1 Rc8 19. Rb1 d4 20. Ne4 d3 21. Bg5 Qd4 22. Bd1 Nxe4 23. fxe4 Nd6 24. Rxf8+ Rxf8 25. Bg4 Nxe4 26. Bxe6+ Kh8 27. Be3 d2 28. Qg1 Nf2+ 29. Bxf2 Rxf2 30. Qd1 Qe4 31. Bd5 Qxb1 0-1

[Event "Cuba (ch) 87/134"]
[Site "?"]
[Date "2003.??.??"]
[Round "?"]
[White "Bruzon, L."]
[Black "Almeida, O."]
[Result "1-0"]
[WhiteElo "2613"]
[BlackElo "2437"]
[PlyCount "111"]
[EventDate "2003.??.??"]
[Source "Chess Informant"]
[SourceDate "2003.02.01"]

1. c4 c5 2. Nf3 Nc6 3. d4 cxd4 4. Nxd4 g6 5. e4 Bg7 6. Nc2 d6 7. Be2 Qb6 8. Nd2 Bxb2 9. Rb1 Bxc1 10. Rxb6 Bxd2+ 11. Qxd2 axb6 12. Ne3 Nf6 13. Nd5 O-O 14. f3 Be6 15. Nxb6 Ra6 16. Qb2 Ne5 17. a3 Ra5 18. O-O Ned7 19. Ra1 Nc5 20. e5 Nfd7 21. exd6 exd6 22. Nxd7 Bxd7 23. Rd1 Ra6 24. h4 h5 25. Bf1 Re8 26. Rd5 Be6 27. Rd4 Rea8 28. Kh2 Kf8 29. Rxd6 Rxd6 30. Qh8+ Ke7 31. Qxa8 Ra6 32. Qb8 Rxa3 33. Qc7+ Nd7 34. Qxb7 Ra5 35. Qb4+ Rc5 36. Kg3 Kd6 37. Kf4 Ke7 38. Ke3 Kd8 39. Kd4 Rc6 40. Qa4 Rc8 41. Qa5+ Ke7 42. Qa3+ Ke8 43. Qd6 Kd8 44. Be2 Ke8 45. Bd3 Kd8 46. g3 Rc7 47. Bxg6 Rxc4+ 48. Ke3 Rc5 49. Be4 Re5 50. Kf4 Rb5 51. g4 Rb6 52. Qd4 hxg4 53. fxg4 Ke7 54. h5 Rb8 55. h6 f6 56. h7 1-0

[Event "Manila ol (Men)"]
[Site "Manila PHI"]
[Date "1992.??.??"]
[Round "?"]
[White "Stohl, Igor"]
[Black "Malisauskas, Vidmantas"]
[Result "1/2-1/2"]
[WhiteElo "2560"]
[BlackElo "2490"]
[PlyCount "52"]
[EventDate "1992.06.??"]
[Source "www.chesslib.no"]
[SourceDate "2004.05.04"]

1. c4 c5 2. Nf3 g6 3. d4 cxd4 4. Nxd4 Nc6 5. e4 Nf6 6. Nc3 d6 7. Nc2 Bg7 8. Be2 Nd7 9. Bd2 O-O 10. O-O Nc5 11. f3 a5 12. Be3 a4 13. Qd2 Qa5 14. Rab1 f5 15. exf5 Bxf5 16. Rbc1 Bxc2 17. Rxc2 Nb4 18. Rcc1 a3 19. bxa3 Bxc3 20. Rxc3 Nxa2 21. Rc2 Qxd2 22. Rxd2 Nc3 23. Bxc5 dxc5 24. Ra1 Rfc8 25. Rc2 Nxe2+ 26. Rxe2 Kf7 1/2-1/2

[Event "JUG-ch52"]
[Site "Niksic"]
[Date "1997.??.??"]
[Round "9"]
[White "Damljanovic, Branko"]
[Black "Pavlovic, Milos"]
[Result "1-0"]
[WhiteElo "2540"]
[BlackElo "2505"]
[PlyCount "57"]
[EventDate "1997.??.??"]
[Source "www.chesslib.no"]
[SourceDate "2004.05.04"]

1. Nf3 c5 2. e4 Nc6 3. d4 cxd4 4. Nxd4 g6 5. c4 Nf6 6. Nc3 d6 7. Nc2 Bg7 8. Be2 O-O 9. O-O Nd7 10. Bd2 a5 11. Kh1 Nc5 12. f3 Bd7 13. Rb1 Nb4 14. Ne3 a4 15. Nb5 Nc6 16. b4 axb3 17. axb3 Ne5 18. Nd5 Bxb5 19. cxb5 e6 20. Nc3 f5 21. b4 Ncd7 22. Qb3 Re8 23. f4 Nf7 24. Bf3 fxe4 25. Nxe4 d5 26. Nc5 Nb6 27. Rbe1 Nc4 28. Bc1 e5 29. Nxb7 1-0

[Event "Komercni Banka op"]
[Site "Pardubice"]
[Date "1997.07.25"]
[Round "9"]
[White "Malaniuk, Vladimir P"]
[Black "Kalod, Radek"]
[Result "1-0"]
[WhiteElo "2615"]
[BlackElo "2430"]
[PlyCount "143"]
[EventDate "1997.07.17"]
[Source "www.chesslib.no"]
[SourceDate "2004.05.04"]

1. Nf3 Nf6 2. c4 g6 3. Nc3 Bg7 4. e4 c5 5. d4 cxd4 6. Nxd4 Nc6 7. Nc2 O-O 8. Be2 d6 9. O-O b6 10. Be3 Bb7 11. Qd2 Rc8 12. f3 Ne5 13. Na3 a6 14. Rac1 Ned7 15. Rfd1 Ne8 16. Bf1 e6 17. Qf2 f5 18. exf5 gxf5 19. Qd2 Qc7 20. Be2 Rf7 21. Kh1 Be5 22. Nc2 Rg7 23. Ne1 Qd8 24. Nd3 Qh4 25. Nxe5 Nxe5 26. b3 Qd8 27. Bd4 Qh4 28. Qe3 f4 29. Qf2 Qxf2 30. Bxf2 Nd7 31. Na4 Rc6 32. b4 Nef6 33. Nb2 Kf7 34. Nd3 e5 35. c5 bxc5 36. bxc5 dxc5 37. Nxc5 Nxc5 38. Bxc5 Kg6 39. Bd6 Rxc1 40. Rxc1 Kf5 41. Rc7 Rxc7 42. Bxc7 Ke6 43. Kg1 Ne8 44. Ba5 Nd6 45. a3 h6 46. Bb4 Kd7 47. Kf2 Ke6 48. g3 h5 49. Bf1 Nf5 50. Bh3 Kf6 51. Bc3 Ne3 52. Ke2 Nd5 53. Ba1 Bc6 54. Bc8 Bb5+ 55. Kf2 Ne7 56. Bb7 Ke6 57. Bc3 Bc4 58. Be4 Bd5 59. Bd3 Bb7 60. Bd2 Nd5 61. Bg6 fxg3+ 62. hxg3 Nf6 63. Bg5 Bc6 64. Bxf6 Kxf6 65. Bxh5 a5 66. Bg4 Bd5 67. Ke3 Bc4 68. Bc8 Bd5 69. f4 exf4+ 70. Kxf4 Ke7 71. Ke5 Kd8 72. Be6 1-0

[Event "Camp. britannico 2008"]
[Site "Liverpool ING"]
[Date "2008.07.31"]
[Round "4"]
[White "Conquest, S."]
[Black "Arkell, K."]
[Result "1-0"]
[WhiteElo "2536"]
[BlackElo "2506"]
[PlyCount "81"]
[EventDate "2008.07.28"]
[Source "www.chesslib.no"]
[SourceDate "2004.05.04"]

1. Nf3 Nf6 2. c4 c5 3. Nc3 Nc6 4. d4 cxd4 5. Nxd4 g6 6. Nc2 d6 7. e4 Bg7 8. Be2 Nd7 9. Bd2 O-O 10. O-O Nc5 11. b4 Bxc3 12. Bxc3 Nxe4 13. Bb2 f5 14. Kh1 a5 15. b5 Ne5 16. Qd4 Nf6 17. f4 Nf7 18. Rad1 Qc7 19. Qf2 e5 20. Qh4 Ne4 21. Ne3 g5 22. fxg5 Nfxg5 23. Nd5 Qd8 24. Bd3 Re8 25. c5 Nxc5 26. Bxf5 Bxf5 27. Rxf5 Nge4 28. Qg4+ Kh8 29. Rdf1 Re6 30. Qh3 Qg8 31. Nc7 Rae8 32. Nxe8 Rxe8 33. Qh4 Qg6 34. Rf8+ Rxf8 35. Rxf8+ Kg7 36. Qe7+ Kh6 37. Qh4+ Kg7 38. Qe7+ Kh6 39. Bc1+ Kh5 40. Rf3 Ng5 41. g4+ 1-0

[Event "Reykjavik op"]
[Site "Reykjavik"]
[Date "1990.??.??"]
[Round "6"]
[White "Nijboer, Friso"]
[Black "Petursson, Margeir"]
[Result "1/2-1/2"]
[WhiteElo "2485"]
[BlackElo "2555"]
[PlyCount "160"]
[EventDate "1990.03.??"]
[Source "ChessBase"]

1. e4 c5 2. Nf3 Nc6 3. d4 cxd4 4. Nxd4 g6 5. c4 Bg7 6. Nc2 Nf6 7. Nc3 d6 8. Be2 Nd7 9. Bd2 a5 10. O-O Nc5 11. Qc1 O-O 12. Bh6 b6 13. Bxg7 Kxg7 14. Qe3 Ra7 15. f4 f6 16. b3 Rd7 17. Rab1 e5 18. f5 Ne7 19. g4 Bb7 20. a3 Bc6 21. Rf2 gxf5 22. gxf5 Kh8 23. Nd5 Nxd5 24. cxd5 Rg7+ 25. Rg2 Rxg2+ 26. Kxg2 Be8 27. b4 axb4 28. axb4 Na4 29. Na3 Qe7 30. Rc1 Rg8+ 31. Kh1 Qg7 32. Rg1 Qxg1+ 33. Qxg1 Rxg1+ 34. Kxg1 Nc3 35. Bd3 Na2 36. Bb5 Bxb5 37. Nxb5 Kg7 38. Nxd6 Nxb4 39. Nc8 Nd3 40. Nxb6 Nc5 41. d6 Kf7 42. Nd5 Kg7 43. Kg2 Kf7 44. Kf3 Nd7 45. Ke3 Kf8 46. h4 Kf7 47. h5 Ke8 48. Kf3 Kd8 49. Ne7 Nb6 50. Ke2 Nc4 51. Nd5 Nxd6 52. Nxf6 Ke7 53. Nd5+ Kf7 54. Kf3 Kg7 55. Ne3 Kh6 56. Ng4+ Kxh5 57. Nf6+ Kh6 58. Ke3 Nf7 59. Nd7 Kg5 60. Kf3 Kh4 61. Nc5 Ng5+ 62. Ke3 h5 63. Nd7 Nf7 64. Kf3 Kh3 65. Nxe5 Nxe5+ 66. Kf4 Nd3+ 67. Kg5 h4 68. f6 Kg3 69. f7 Nc5 70. Kf5 Nd7 71. e5 h3 72. e6 h2 73. exd7 h1=Q 74. d8=Q Qh7+ 75. Ke6 Qe4+ 76. Kd7 Qd5+ 77. Ke8 Qe6+ 78. Kf8 Qh6+ 79. Ke7 Qg5+ 80. Ke8 Qe5+ 1/2-1/2

[Event "Bad Woerishofen op"]
[Site "Bad Woerishofen"]
[Date "1994.??.??"]
[Round "4"]
[White "Hodgson, Julian M"]
[Black "Espig, Lutz"]
[Result "1/2-1/2"]
[WhiteElo "2570"]
[BlackElo "2465"]
[PlyCount "92"]
[EventDate "1994.03.??"]
[Source "ChessBase"]

1. c4 c5 2. Nf3 g6 3. d4 cxd4 4. Nxd4 Bg7 5. e4 Nc6 6. Nc2 d6 7. Be2 Nf6 8. Nc3 Nd7 9. Bd2 Nc5 10. O-O O-O 11. b3 f5 12. exf5 Bxf5 13. Ne3 Ne4 14. Nxe4 Bxe4 15. Bg4 Bf5 16. Rc1 Bxg4 17. Qxg4 Qc8 18. Qe4 Rf7 19. Kh1 Qd7 20. Bc3 Raf8 21. Bxg7 Kxg7 22. Qc2 Ne5 23. Rcd1 Ng4 24. Qc3+ Kg8 25. Nxg4 Qxg4 26. f3 Qc8 27. Qe3 b6 28. Rd5 Qd7 29. Re1 Rc8 30. a4 Rc5 31. Rd4 Qc7 32. Qd3 Rcf5 33. Rde4 Qb7 34. Kg1 Kf8 35. Qd4 Kg8 36. Qe3 Kf8 37. f4 Qc7 38. g3 Qc5 39. h4 Qxe3+ 40. R1xe3 Rc5 41. Kg2 Ke8 42. Kf3 Kd7 43. Ke2 Rcf5 44. Kd3 h6 45. Re6 R5f6 46. Rxf6 Rxf6 1/2-1/2

[Event "Jugoslavija (ch_play off m/1)"]
[Site "?"]
[Date "1997.??.??"]
[Round "?"]
[White "Popovic, P."]
[Black "Velimirovic, D."]
[Result "1-0"]
[WhiteElo "2545"]
[BlackElo "2485"]
[PlyCount "81"]
[EventDate "1997.??.??"]
[Source "ChessBase"]
[SourceDate "1997.02.01"]

1. e4 c5 2. Nf3 Nc6 3. d4 cxd4 4. Nxd4 g6 5. c4 Nf6 6. Nc3 d6 7. Nc2 Bg7 8. Be2 Nd7 9. Bd2 a5 10. O-O O-O 11. Kh1 Nc5 12. f3 a4 13. Rc1 Be6 14. Be3 Qb6 15. Rb1 f5 16. Nd5 Qd8 17. exf5 Bxf5 18. Bg5 Ne6 19. Bh4 g5 20. Bf2 Nf4 21. Nxf4 gxf4 22. Bd3 Qd7 23. Re1 Ne5 24. Be4 Kh8 25. b3 axb3 26. axb3 Ra2 27. Bd4 Nc6 28. Bxg7+ Kxg7 29. Nd4 Bxe4 30. Rxe4 Rf6 31. Ne2 e5 32. Nc3 Ra6 33. Qd2 Qf5 34. Nb5 Qh5 35. Rbe1 Ne7 36. Nc7 Ra3 37. Qb4 Ra2 38. Rxe5 Nf5 39. Ne8+ Kg6 40. Nxf6 Kxf6 41. Rxf5+ 1-0

[Event "Dieren op"]
[Site "Dieren"]
[Date "2000.07.20"]
[Round "3"]
[White "Dvoirys, Semen I"]
[Black "Van der Weide, Karel"]
[Result "1/2-1/2"]
[WhiteElo "2562"]
[BlackElo "2467"]
[PlyCount "89"]
[EventDate "2000.07.18"]
[Source "ChessBase"]
[SourceDate "2000.09.14"]

1. e4 c5 2. Nf3 Nc6 3. d4 cxd4 4. Nxd4 g6 5. c4 Nf6 6. Nc3 d6 7. Nc2 Bg7 8. Be2 Nd7 9. Bd2 O-O 10. O-O a5 11. Re1 Nc5 12. Bf1 f5 13. exf5 Bxf5 14. Be3 Nb4 15. Nd4 Bxd4 16. Qxd4 Nc2 17. Qh4 Nxa1 18. Bg5 Ne6 19. Rxa1 Nxg5 20. Qxg5 Rf7 21. Rd1 Rc8 22. h3 Qf8 23. Re1 Qg7 24. Qd2 Bd7 25. Ne4 Bc6 26. Ng5 Rf5 27. f4 Qf6 28. Re6 Qf8 29. Bd3 Rxf4 30. Bxg6 Rf1+ 31. Kh2 Qf2 32. Bxh7+ Kf8 33. Re2 Qf6 34. Qe3 Qe5+ 35. Qxe5 dxe5 36. Rxe5 Rf2 37. Rf5+ Rxf5 38. Bxf5 Ra8 39. g4 a4 40. Kg3 Ra6 41. b4 axb3 42. axb3 Ra3 43. Kf4 Rxb3 44. Ke5 Re3+ 45. Kd4 1/2-1/2